[Event "SVK-chT5 SE-SI 1920"]
[Site "Slovakia"]
[Date "2019.12.07"]
[Round "4.4"]
[White "Buraj, Patrik"]
[Black "Rehakova, Natalia"]
[Result "1-0"]
[WhiteElo "1107"]
[BlackElo "1000"]
[PlyCount "91"]
[EventDate "2019.10.19"]
[EventType "team-tourn"]
[EventRounds "14"]
[EventCountry "SVK"]
[SourceTitle "CBM 194 Extra"]
[Source "ChessBase"]
[SourceDate "2020.03.31"]
[SourceVersion "1"]
[SourceVersionDate "2020.03.31"]
[SourceQuality "1"]
[WhiteTeam "Borsky Mikulas"]
[BlackTeam "Stefanov II"]
[WhiteTeamCountry "SVK"]
[BlackTeamCountry "SVK"]

1. e4 e5 2. Nf3 Nc6 3. Bb5 d6 4. Nc3 Nf6 5. d4 Bd7 6. d5 Nb4 7. Bxd7+ Qxd7 8. a3 Na6 9. Bg5 Be7 10. 0-0 0-0 11. h3 h6 12. Bxf6 Bxf6 13. b4 Rae8 14. Qd3 c5 15. b5 Nb8 16. a4 Qc7 17. Ne2 c4 18. Qe3 a6 19. b6 Qc5 20. Qxc5 dxc5 21. a5 Nd7 22. Ra4 Re7 23. Rxc4 Bg5 24. Nxg5 hxg5 25. Ng3 g6 26. Rd1 f5 27. Re1 Rff7 28. Ne2 fxe4 29. Rxe4 Re8 30. Nc3 Ref8 31. Rf1 Rf4 32. g3 Rxe4 33. Nxe4 Kf7 34. Nxg5+ Ke7 35. c4 Rf5 36. h4 e4 37. Nxe4 Ne5 38. Nxc5 Nxc4 39. Re1+ Kd6 40. Nxb7+ Kxd5 41. Rd1+ Kc6 42. Nd8+ Kb5 43. b7 Kxa5 44. b8Q g5 45. Ra1+ Na3 46. Rxa3# 1-0

[Event "SVK-chT5 SE-SI 1920"]
[Site "Slovakia"]
[Date "2019.11.02"]
[Round "2.5"]
[White "Fikarova, Monika"]
[Black "Buraj, Patrik"]
[Result "0-1"]
[WhiteElo "1000"]
[BlackElo "1107"]
[PlyCount "97"]
[EventDate "2019.10.19"]
[EventType "team-tourn"]
[EventRounds "14"]
[EventCountry "SVK"]
[SourceTitle "CBM 193 Extra"]
[Source "ChessBase"]
[SourceDate "2020.01.31"]
[SourceVersion "1"]
[SourceVersionDate "2020.01.31"]
[SourceQuality "1"]
[WhiteTeam "Gbely Nafta IV"]
[BlackTeam "Borsky Mikulas"]
[WhiteTeamCountry "SVK"]
[BlackTeamCountry "SVK"]

1. e4 e5 2. Nf3 Nc6 3. Nc3 Nf6 4. Bd3 Bb4 5. Nb5 a6 6. Nc3 Bxc3 7. bxc3 d5 8. 0-0 dxe4 9. Bxe4 Nxe4 10. Re1 Nf6 11. d4 Bg4 12. Ba3 Qd5 13. dxe5 Bxf3 14. exf6+ Kd7 15. gxf3 Qxd1 16. Raxd1+ Kc8 17. fxg7 Rg8 18. Kf1 b6 19. c4 b5 20. cxb5 axb5 21. Bb2 Rxa2 22. Rb1 Rd8 23. g8Q Rxg8 24. Ke2 Re8+ 25. Kd2 Rxe1 26. Kxe1 Nb4 27. Kd1 Kd7 28. c3 Nd3 29. Ke2 Rxb2+ 30. Rxb2 Nxb2 31. f4 Kd6 32. Ke3 Kd5 33. f3 f5 34. Kd2 Kc4 35. Kc2 Nd3 36. h4 Nxf4 37. Kb2 Kd3 38. Kb3 c5 39. Kb2 Ke3 40. Kb3 Kxf3 41. h5 Nxh5 42. c4 bxc4+ 43. Kxc4 Ke3 44. Kxc5 f4 45. Kc4 f3 46. Kc3 f2 47. Kc2 f1Q 48. Kc3 Qd3+ 49. Kb2 0-1

[Event "SVK-chT5 SE-SI 1617"]
[Site "Slovakia"]
[Date "2017.01.21"]
[Round "5.5"]
[White "Datko, Jan"]
[Black "Buraj, Patrik"]
[Result "0-1"]
[WhiteElo "1174"]
[BlackElo "1000"]
[PlyCount "78"]
[EventDate "2016.10.15"]
[EventType "team-tourn"]
[EventRounds "9"]
[EventCountry "SVK"]
[SourceTitle "EXT 2018"]
[Source "ChessBase"]
[SourceDate "2017.10.13"]
[SourceVersion "1"]
[SourceVersionDate "2017.10.13"]
[SourceQuality "1"]
[WhiteTeam "Holic III"]
[BlackTeam "Borsky Mikulas"]
[WhiteTeamCountry "SVK"]
[BlackTeamCountry "SVK"]

1. e4 e5 2. Nf3 Nc6 3. Bc4 h6 4. 0-0 Nge7 5. Nc3 d6 6. d3 Nd4 7. Be3 Ne6 8. Qd2 c6 9. a3 d5 10. Ba2 d4 11. Nxe5 dxc3 12. Qxc3 f6 13. Nf3 Ng5 14. Nh4 f5 15. f4 Nf7 16. Qb3 Nd6 17. Bc5 Qd7 18. e5 Nb5 19. Qf7+ Kd8 20. Be6 Qe8 21. Bxe7+ Qxe7 22. Qxe7+ Bxe7 23. Bxf5 Bxh4 24. Bxc8 Rxc8 25. g3 Be7 26. c3 g5 27. f5 Bc5+ 28. d4 Bf8 29. c4 Nxd4 30. Rad1 c5 31. f6 b5 32. b3 bxc4 33. bxc4 Kc7 34. Rf2 Rd8 35. Re1 g4 36. Kf1 Kb6 37. e6 Nf3 38. Ree2 Rh7 39. h3 Rd1+ 0-1